Retailing management / (Record no. 180593)
[ view plain ]
| 000 -LEADER | |
|---|---|
| fixed length control field | 00764nam a2200229Ia 4500 |
| 005 - DATE AND TIME OF LATEST TRANSACTION | |
| control field | 20220315101841.0 |
| 008 - FIXED-LENGTH DATA ELEMENTS--GENERAL INFORMATION | |
| fixed length control field | 210716s2010 xx 000 0 und d |
| 020 ## - INTERNATIONAL STANDARD BOOK NUMBER | |
| International Standard Book Number | 9780070264373 |
| 040 ## - CATALOGING SOURCE | |
| Transcribing agency | AIMIT LIBRARY |
| 041 ## - LANGUAGE CODE | |
| Language code of text/sound track or separate title | eng |
| 082 ## - DEWEY DECIMAL CLASSIFICATION NUMBER | |
| Classification number | 658.87 |
| Edition number | 6 |
| Item number | LEVM |
| 100 ## - MAIN ENTRY--PERSONAL NAME | |
| Personal name | Levy, Michael. |
| 9 (RLIN) | 23579 |
| 245 ## - TITLE STATEMENT | |
| Title | Retailing management / |
| Statement of responsibility, etc. | By Michael Levy, Barton A Weitz and Ajay Pandit. |
| 250 ## - EDITION STATEMENT | |
| Edition statement | 6th ed. |
| 260 ## - PUBLICATION, DISTRIBUTION, ETC. | |
| Place of publication, distribution, etc. | New Delhi : |
| Name of publisher, distributor, etc. | Tata McGraw Hill Publishing Company Ltd , |
| Date of publication, distribution, etc. | 2010. |
| 300 ## - PHYSICAL DESCRIPTION | |
| Extent | Xxxiii, 776p. ; |
| Dimensions | 24 cm. |
| 650 ## - SUBJECT ADDED ENTRY--TOPICAL TERM | |
| Topical term or geographic name entry element | Managing merchandise assortments |
| 9 (RLIN) | 23580 |
| 650 ## - SUBJECT ADDED ENTRY--TOPICAL TERM | |
| Topical term or geographic name entry element | Information system and supply chain management |
| 9 (RLIN) | 23581 |
| 700 ## - ADDED ENTRY--PERSONAL NAME | |
| Personal name | Weitz, Barton A. |
| 9 (RLIN) | 23582 |
| 700 ## - ADDED ENTRY--PERSONAL NAME | |
| Personal name | Pandit, Ajay. |
| 9 (RLIN) | 23583 |
| 942 ## - ADDED ENTRY ELEMENTS (KOHA) | |
| Source of classification or shelving scheme | Dewey Decimal Classification |
| Koha item type | Book |
| Edition | 6 |
| Call number prefix | 658.87 LEVM |
| Withdrawn status | Lost status | Damaged status | Not for loan | Collection code | Home library | Current library | Date acquired | Source of acquisition | Total Checkouts | Full call number | Barcode | Date last seen | Price effective from | Koha item type | Source of classification or shelving scheme | Cost, normal purchase price | Inventory number | Cost, replacement price |
|---|---|---|---|---|---|---|---|---|---|---|---|---|---|---|---|---|---|---|
| MCA | St Aloysius Institute of Management & Information Technology | St Aloysius Institute of Management & Information Technology | 07/16/2021 | Donated | 658.87 LEVM | MCA00101 | 07/21/2025 | 07/16/2021 | Book | |||||||||
| MBA | St Aloysius Institute of Management & Information Technology | St Aloysius Institute of Management & Information Technology | 12/30/2004 | 658.87 LEVM | MBA01093 | 05/23/2026 | 07/16/2021 | Book | Dewey Decimal Classification | |||||||||
| MBA | St Aloysius Institute of Management & Information Technology | St Aloysius Institute of Management & Information Technology | 03/17/2009 | 658.87 LEVM | MBA05881 | 05/23/2026 | 07/16/2021 | Book | Dewey Decimal Classification | 510.00 | Bill no:9191; Bill dt:2009-02-12 | 408.00 | ||||||
| MBA | St Aloysius Institute of Management & Information Technology | St Aloysius Institute of Management & Information Technology | 04/01/2010 | 658.87 LEVM | MBA07844 | 05/23/2026 | 07/16/2021 | Book | Dewey Decimal Classification | |||||||||
| MBA | St Aloysius Institute of Management & Information Technology | St Aloysius Institute of Management & Information Technology | 08/14/2015 | 658.87 LEVM | MBA11786 | 05/23/2026 | 07/16/2021 | Book | Dewey Decimal Classification | 725.00 | Bill no:230; Bill dt:2015-08-08 | 580.00 |